[Event "FSGM December"]
[Site "Budapest HUN"]
[Date "2006.12.02"]
[Round "12"]
[White "Prohaszka,P2"]
[Black "Ilincic,Z"]
[Result "1-0"]
[WhiteElo "2392"]
[BlackElo "2451"]

1.d4 Nf6 2.c4 e6 3.Nf3 Bb4+ 4.Nbd2 d5 5.Qa4+ Nc6 6.a3 Bxd2+ 7.Bxd2 Ne4 8.Rd1 O-O
9.e3 Bd7 10.Qc2 a5 11.Bd3 f5 12.O-O Be8 13.Ne1 Bg6 14.f3 Nxd2 15.Rxd2 Ne7
16.Qc3 c6 17.c5 Kh8 18.Bc2 Bh5 19.Nd3 g5 20.Rdf2 Qc7 21.e4 fxe4 22.fxe4 Rxf2
23.Rxf2 Ng6 24.Qe1 Qg7 25.exd5 exd5 26.Qe3 Bg4 27.Qxg5 Qxd4 28.h4 Rg8 29.h5 Nf8
30.Qe7 Ne6 31.Ne5  1-0

[Event "22nd Voivoda Cup"]
[Site "Legnica POL"]
[Date "2006.12.08"]
[Round "2"]
[White "Cherednichenko,S"]
[Black "Ovsejevitsch,S"]
[Result "0-1"]
[WhiteElo "2273"]
[BlackElo "2545"]

1.d4 Nf6 2.c4 e6 3.Nf3 Bb4+ 4.Nbd2 O-O 5.a3 Bxd2+ 6.Bxd2 Ne4 7.Bf4 d6 8.e3 b6
9.Bd3 Bb7 10.O-O Nd7 11.Qc2 f5 12.b4 Qe7 13.Qb2 Rae8 14.Bxe4 Bxe4 15.Nd2 Bb7
16.f3 e5 17.Bg3 Qg5 18.Rae1 Rf6 19.d5 c6 20.e4 f4 21.Bf2 Rg6 22.g4 fxg3 23.hxg3 Nf6
24.Kh2 Nh5 25.g4 Nf4 26.Bg3 h5 27.Bxf4 Qxf4+ 28.Kg2 hxg4 29.Kf2 gxf3 30.Nxf3 cxd5
31.cxd5 Rf8 32.Qc3 Ba6 33.Rg1 Qh2+ 34.Ke3 Rxf3+ 35.Kxf3 Qh3+  0-1

[Event "V Ilijas Subasic Mem"]
[Site "Zenica BIH"]
[Date "2006.12.08"]
[Round "1"]
[White "Berkes,F"]
[Black "Terzic,S"]
[Result "1-0"]
[WhiteElo "2589"]
[BlackElo "2295"]

1.d4 Nf6 2.Nf3 e6 3.c4 Bb4+ 4.Nbd2 O-O 5.a3 Bxd2+ 6.Qxd2 b6 7.Qc2 Bb7 8.Bg5 c5
9.e3 h6 10.Bh4 cxd4 11.Nxd4 d5 12.Be2 Nbd7 13.O-O Rc8 14.Rac1 dxc4 15.Nb5 Rc5
16.Nd6 Bc6 17.Rfd1 Qa8 18.f3 b5 19.e4 Rh5 20.Bf2 Ne5 21.Qc3 Ng6 22.Bf1 Rd8
23.g4 Rh4 24.Qa5 Rd7 25.Bg3 h5 26.Qe1 Qd8 27.g5 Nh7 28.Bxh4 Nxh4 29.Qxh4 Rxd6
30.Be2 Rd2 31.Kf1 Nxg5 32.Rxd2 Qxd2 33.Rd1  1-0

[Event "13th Open A"]
[Site "Zadar CRO"]
[Date "2006.12.11"]
[Round "1"]
[White "Jovanic,O"]
[Black "Majeric,Z"]
[Result "1-0"]
[WhiteElo "2458"]
[BlackElo "2308"]

1.d4 Nf6 2.Nf3 e6 3.c4 Bb4+ 4.Nbd2 O-O 5.a3 Be7 6.e3 b6 7.Bd3 d5 8.O-O Nbd7
9.b3 Bb7 10.Bb2 c5 11.Rc1 Rc8 12.Re1 Ne4 13.cxd5 exd5 14.Ne5 Nxe5 15.dxe5 Nxd2
16.Qxd2 f6 17.Qc2 h6 18.Qe2 fxe5 19.Bxe5 Bf6 20.Bg3 Bh4 21.Bb1 Bxg3 22.hxg3 Qg5
23.Qc2 Rce8 24.b4 c4 25.Qh7+ Kf7 26.Rcd1 Rh8 27.Qc2 b5 28.Rd4 Re4 29.Qc3 Rxd4
30.exd4 Bc6 31.Re5 Qg4 32.Rf5+ Kg8 33.Kh2 h5 34.f3  1-0

[Event "22nd Voivoda Cup"]
[Site "Legnica POL"]
[Date "2006.12.12"]
[Round "7"]
[White "Savchenko,S"]
[Black "Jakubowski,K"]
[Result "1-0"]
[WhiteElo "2532"]
[BlackElo "2497"]

1.d4 Nf6 2.c4 e6 3.Nf3 Bb4+ 4.Nbd2 b6 5.a3 Bxd2+ 6.Qxd2 Bb7 7.e3 Ne4 8.Qc2 f5
9.Be2 O-O 10.O-O a5 11.b3 d6 12.Bb2 Nd7 13.Rad1 Rf6 14.d5 e5 15.Nh4 Bc8 16.f3 Nec5
17.b4 axb4 18.axb4 Na6 19.Bc3 Nf8 20.f4 e4 21.Ra1 Rf7 22.g3 Bb7 23.Qd2 Qc8
24.Bh5 Re7 25.g4 g6 26.Qd4 fxg4 27.Qh8+ Kf7 28.f5 gxh5 29.f6 Re6 30.Qg7+ Ke8
31.dxe6 Qxe6 32.b5  1-0

[Event "6th Amplico AIG Life"]
[Site "Warsaw POL"]
[Date "2006.12.16"]
[Round "2"]
[White "Malaniuk,V"]
[Black "Barwinski,D"]
[Result "1-0"]
[WhiteElo "2534"]
[BlackElo "2191"]

1.d4 Nf6 2.Nf3 e6 3.c4 Bb4+ 4.Nbd2 d5 5.Qa4+ Nc6 6.a3 Be7 7.e3 O-O 8.b4 Bd7
9.Qc2 a6 10.Bb2 Re8 11.Bd3 a5 12.b5 dxc4 13.Nxc4 Na7 14.a4 Bb4+ 15.Nfd2 Nc8
16.O-O c6 17.Ne5 cxb5 18.Nxd7 Nxd7 19.Bxb5 Nd6 20.Be2 Rc8 21.Qd3 Nb6 22.Bd1 Qd7
23.Bb3 Bxd2 24.Qxd2 Ndc4 25.Qe2 Nxb2 26.Qxb2 Nd5 27.Bxd5 Qxd5 28.Rfb1 Rc7
29.Qb5 Rd8 30.h3 g6 31.Qxd5 Rxd5 32.Rb6 e5 33.dxe5 Rxe5 34.g4 h5 35.Kg2 hxg4
36.hxg4 Re4 37.Kf3 Rcc4 38.Rxb7 Rxa4 39.Rd1 Reb4 40.Ra7 Rb6 41.Rd8+ Kg7 42.g5 Rb5
43.e4 Rxg5 44.Rdd7 Re5 45.Rxf7+ Kh6 46.Kg4 Raxe4+ 47.f4 g5 48.Rf6+  1-0

[Event "6th Amplico AIG Life"]
[Site "Warsaw POL"]
[Date "2006.12.16"]
[Round "4"]
[White "Malaniuk,V"]
[Black "Szymanski,M"]
[Result "1-0"]
[WhiteElo "2534"]
[BlackElo "2430"]

1.d4 Nf6 2.Nf3 e6 3.c4 Bb4+ 4.Nbd2 O-O 5.a3 Be7 6.e3 b6 7.Bd3 Bb7 8.e4 d5
9.cxd5 exd5 10.e5 Ne4 11.Qc2 f5 12.exf6 Nxf6 13.Ng5 h6 14.Ne6 Qd6 15.Nxf8 Bxf8
16.O-O c5 17.Nf3 Nc6 18.h3 cxd4 19.Re1 Rc8 20.Qd1 Ne4 21.Bb5 Ne5 22.Nxd4 Qf6
23.Be3 Bd6 24.Rc1 Rf8 25.Rf1 Ng6 26.Nf3 Bb8 27.Re1 a6 28.Bd3 Qxb2 29.Rb1 Qf6
30.Rxb6 Qf7 31.Qb3 Nd6 32.Rxb7 Nxb7 33.Bxg6 Qxg6 34.Qxb7  1-0

[Event "6th Amplico AIG Life"]
[Site "Warsaw POL"]
[Date "2006.12.17"]
[Round "12"]
[White "Malaniuk,V"]
[Black "Moiseenko,A1"]
[Result "0-1"]
[WhiteElo "2534"]
[BlackElo "2632"]

1.d4 Nf6 2.Nf3 e6 3.c4 Bb4+ 4.Nbd2 b6 5.a3 Bxd2+ 6.Bxd2 Bb7 7.Bg5 h6 8.Bh4 d6
9.e3 Nbd7 10.Nd2 Qe7 11.Be2 g5 12.Bf3 O-O-O 13.Bg3 e5 14.Bxb7+ Kxb7 15.Qf3+ Kb8
16.O-O-O Qe6 17.Qc6 Nh5 18.dxe5 Nxg3 19.hxg3 Nxe5 20.Qe4 d5 21.cxd5 Rxd5
22.Nf3 Nd3+ 23.Qxd3 Rxd3 24.Rxd3 g4 25.Nd4 Qe4 26.Rd2 Qxg2 27.Rh5 Qe4 28.Ne2 Kc8
29.Nc3 Qg6 30.Rhd5 h5 31.b4 h4 32.gxh4 Rxh4 33.Rc2 g3 34.fxg3 Qxg3 35.Nb5 Rh1+
36.Kb2 Rh2 37.Nd4 Rg2 38.Rf5 Rxc2+ 39.Nxc2 Qg6 40.Rf4 Kb7 41.Rc4 Qf6+ 42.Kb3 Qe6
43.Kc3 Qe5+ 44.Kd3 a5 45.bxa5 Qxa5 46.a4 Qe5 47.e4 c5 48.Ne3 Kc6 49.Nc2 Qh8
50.Ne3 Qb2 51.Nd5 Qb3+ 52.Nc3 f6 53.e5 fxe5 54.Rh4 Qe6 55.Re4 Qf5 56.Kc4 Kb7
57.Kb3 Ka6 58.Rh4 Qf7+ 59.Ka3 Qf3 60.Kb3 Qf7+ 61.Ka3 Qf2 62.Re4 Qc2 63.Rc4 Ka5  0-1

[Event "44th National A ch-IND"]
[Site "Atul IND"]
[Date "2006.12.20"]
[Round "4"]
[White "Prakash,G"]
[Black "Swapnil,SD"]
[Result "0-1"]
[WhiteElo "2403"]
[BlackElo "2209"]

1.d4 Nf6 2.c4 e6 3.Nf3 Bb4+ 4.Nbd2 b6 5.a3 Bxd2+ 6.Bxd2 Bb7 7.Bg5 h6 8.Bh4 d6
9.e3 Nbd7 10.Qc2 Qe7 11.O-O-O c5 12.d5 e5 13.Nd2 O-O-O 14.f4 g5 15.fxg5 Ng4
16.Re1 hxg5 17.Bg3 Kb8 18.Bd3 Ndf6 19.Bf5 Nh6 20.Rhf1 Nh5 21.Ne4 Nxf5 22.Rxf5 f6
23.Ref1 Bc8 24.Rxf6 Nxf6 25.Nxf6 Qg7 26.Ne4 Rhf8 27.Rxf8 Qxf8 28.Nf2 Qf5
29.e4 Qf6 30.Kb1 Bd7 31.Ka2 Kb7 32.Qc3 a6 33.b4 Rc8 34.bxc5 bxc5 35.Qa5 Ka7
36.Qe1 Rb8 37.Qd1 Qd8 38.Nd3 Qb6 39.Ka1 Qa5 40.Ka2 Qc3 41.Bf2 Qxc4+ 42.Ka1 Qc3+
43.Ka2 Bb5 44.Nb4 Bc4+ 45.Kb1 Qxa3  0-1

[Event "Bykova Mem"]
[Site "Vladimir RUS"]
[Date "2006.12.22"]
[Round "8"]
[White "Kursova,M"]
[Black "Vasilevich,I"]
[Result "0-1"]
[WhiteElo "2316"]
[BlackElo "2321"]

1.d4 Nf6 2.Nf3 e6 3.c4 Bb4+ 4.Nbd2 b6 5.a3 Bxd2+ 6.Bxd2 Bb7 7.Bg5 d6 8.e3 Nbd7
9.Bd3 h6 10.Bh4 g5 11.Bg3 h5 12.h4 g4 13.Nd2 Bxg2 14.Rg1 Bb7 15.Qc2 Qe7 16.O-O-O O-O-O
17.b4 e5 18.Bf5 Kb8 19.Kb2 Rhe8 20.d5 Ng8 21.e4 Nh6 22.Bxd7 Qxd7 23.c5 dxc5
24.bxc5 Qb5+ 25.Nb3 f5 26.c6 Bc8 27.d6 Rxd6 28.Rxd6 cxd6 29.a4 Qb4 30.c7+ Kb7
31.Rc1 Qxe4 32.Qd2 f4 33.f3 gxf3 34.Re1 Qxa4 35.Bf2 Be6  0-1

[Event "44th National A ch-IND"]
[Site "Atul IND"]
[Date "2006.12.23"]
[Round "7"]
[White "Gupta,Ab"]
[Black "Rohit,G"]
[Result "1/2-1/2"]
[WhiteElo "2481"]
[BlackElo "2393"]

1.d4 Nf6 2.c4 e6 3.Nf3 Bb4+ 4.Nbd2 b6 5.a3 Bxd2+ 6.Bxd2 h6 7.Bf4 Bb7 8.e3 d6
9.h3 Nbd7 10.Qc2 Qe7 11.Be2 g5 12.Bh2 Rg8 13.Rg1 g4 14.Nd2 gxh3 15.gxh3 Rxg1+
16.Bxg1 e5 17.dxe5 dxe5 18.Qf5 O-O-O 19.Bh2 Rg8 20.O-O-O Rg5 21.Qc2 Qe6 22.h4 Rg8
23.Qc3  1/2-1/2

[Event "Masters"]
[Site "Singapore SIN"]
[Date "2006.12.26"]
[Round "2"]
[White "Paciencia,E"]
[Black "Soon,W"]
[Result "1-0"]
[WhiteElo "2432"]
[BlackElo "2046"]

1.Nf3 Nf6 2.d4 e6 3.c4 Bb4+ 4.Nbd2 b6 5.e3 Bb7 6.Bd3 O-O 7.O-O c5 8.a3 Bxd2
9.Bxd2 d6 10.Qe2 Qe7 11.e4 e5 12.d5 Nh5 13.g3 Bc8 14.Nh4 g6 15.Ng2 Bh3 16.f4 exf4
17.gxf4 Nd7 18.Rae1 Rae8 19.Qf3 Bxg2 20.Kxg2 Qh4 21.Kh1 Ng7 22.Rg1 Qd8 23.Bc3 f6
24.Qh3 Rf7 25.Re3 Nf8 26.Qh6 a6 27.Rh3 Rb7 28.f5 b5 29.fxg6 hxg6 30.e5 dxe5
31.Bxg6 Nxg6 32.Rxg6  1-0

[Event "44th National A ch-IND"]
[Site "Atul IND"]
[Date "2006.12.28"]
[Round "12"]
[White "Gupta,Ab"]
[Black "Poobesh Anand,S"]
[Result "1-0"]
[WhiteElo "2481"]
[BlackElo "2416"]

1.d4 Nf6 2.c4 e6 3.Nf3 Bb4+ 4.Nbd2 O-O 5.a3 Bxd2+ 6.Bxd2 b6 7.Bg5 Bb7 8.e3 d6
9.Bd3 h6 10.Bh4 c5 11.O-O cxd4 12.exd4 Nbd7 13.b4 Re8 14.Re1 Rc8 15.Rc1 Qc7
16.h3 Nh5 17.Bb1 Nf8 18.d5 exd5 19.Rxe8 Rxe8 20.cxd5 Qb8 21.Nd4 Nf4 22.Bg3 Nxd5
23.Nf5 Nf6 24.Qxd6 Qxd6 25.Nxd6 Re7 26.Nxb7 Rxb7 27.Rc8 Rd7 28.Bc2 Rd2 29.b5 Nd7
30.Bf4 Rd5 31.Ra8 Rxb5 32.Rxa7 g5 33.Be3 Rd5 34.Bb3 Rd6 35.Ba4 Kg7 36.Bb5 Kg6
37.a4 f5 38.g3 Kf6 39.Kg2 Ke6 40.Rc7 Kd5 41.Bc4+ Ke5 42.Bc1 Ke4 43.Ba3 Rd2
44.Bb5 f4 45.gxf4 gxf4 46.Bb4 Rd4 47.Bc3 Rd6 48.Bc6+ Kf5 49.Bb4 Rg6+ 50.Kf1 Ke6
51.Be4 Rg5 52.Bc2 Rh5 53.Bd1  1-0

[Event "IM Multicoms"]
[Site "Paris FRA"]
[Date "2006.12.29"]
[Round "8"]
[White "Goldsztejn,G"]
[Black "Karim,I"]
[Result "1-0"]
[WhiteElo "2303"]
[BlackElo "2288"]

1.d4 Nf6 2.c4 e6 3.Nf3 Bb4+ 4.Nbd2 a5 5.a3 Bxd2+ 6.Qxd2 a4 7.Qc2 d6 8.Bg5 h6
9.Bh4 Nbd7 10.e3 b6 11.Be2 Bb7 12.O-O Qe7 13.Rad1 Ra5 14.d5 e5 15.Nd2 g5
16.Bg3 h5 17.f4 h4 18.fxg5 hxg3 19.gxf6 gxh2+ 20.Kh1 Qf8 21.Bg4 Ra8 22.b4 axb3
23.Nxb3 Qh6 24.Bxd7+ Kxd7 25.Qf5+ Kd8 26.Qg4 Bc8 27.Qg7 Ke8 28.Nd4 Qxg7 29.fxg7 Rg8
30.Nb5 Ke7 31.Nxc7 Rxa3 32.Ra1 Rxa1 33.Rxa1 Rxg7 34.Ra7 Bd7 35.Na8 Kd8 36.Nxb6 Bf5
37.c5 Be4 38.cxd6 Bxg2+ 39.Kxh2 Bxd5 40.Nxd5  1-0

[Event "XVII Cracovia A"]
[Site "Krakow POL"]
[Date "2006.12.30"]
[Round "5"]
[White "Gumula,D"]
[Black "Jakubowski,K"]
[Result "1/2-1/2"]
[WhiteElo "2359"]
[BlackElo "2497"]

1.d4 Nf6 2.c4 e6 3.Nf3 Bb4+ 4.Nbd2 b6 5.a3 Bxd2+ 6.Qxd2 Bb7 7.e3 O-O 8.Be2 d6
9.b4 Ne4 10.Qc2 Nd7 11.Bb2 f5 12.Bd3 a5 13.d5 exd5 14.Nd4 Ne5 15.Bf1 Rf7
16.cxd5 Bxd5 17.O-O-O axb4 18.axb4 c6 19.f3 Qg5 20.Re1 Rfa7 21.fxe4 Ra1+
22.Bxa1 Rxa1+ 23.Kd2 Rxe1 24.Kxe1 Qxe3+ 25.Be2 fxe4 26.Nf5 Qg5 27.Rf1  1/2-1/2

[Event "13th Festival A"]
[Site "Zupanja CRO"]
[Date "2007.01.08"]
[Round "8"]
[White "Ivanisevic,I"]
[Black "Predojevic,B"]
[Result "1-0"]
[WhiteElo "2602"]
[BlackElo "2587"]

1.c4 Nf6 2.d4 e6 3.Nf3 Bb4+ 4.Nbd2 d6 5.g3 Nbd7 6.Bg2 e5 7.O-O exd4 8.Nxd4 Bc5
9.Nb1 O-O 10.Nc3 Re8 11.b3 a5 12.Bb2 Nb6 13.Rc1 c6 14.h3 Bd7 15.e3 Qe7 16.Qd3 Qe5
17.Nce2 Qg5 18.Nf4 Nh5 19.Nfe2 Nf6 20.g4 Qg6 21.Nf4 Qh6 22.Nf5 Bxf5 23.Qxf5 Nfd7
24.g5 Qh4 25.Nd3 Re6 26.Qf4 Qxf4 27.Nxf4 Re7 28.Nd3 Rae8 29.a3 Nc8 30.b4 axb4
31.axb4 Bb6 32.Rfd1 f6 33.h4 Ne5 34.b5 Rc7 35.Bxe5 fxe5 36.bxc6 bxc6 37.c5 dxc5
38.Nxc5 Bxc5 39.Rxc5 h6 40.Bxc6 Kf8 41.Rd7 Re7 42.Rd8+ Kf7 43.Be8+ Ke6 44.gxh6 gxh6
45.Rxc8 Rxc5 46.Rxc5 Rxe8 47.Rc6+ Kf5 48.Rxh6 Rg8+ 49.Kh2 Ke4 50.Rf6 Rh8
51.Kh3 Rh7 52.Kg4 Rg7+ 53.Kh5 Rg2 54.Kh6 Kd5 55.h5 e4 56.Kh7 Ke5 57.Rf4 Rg1
58.h6 Kd5 59.Kh8 Ke5 60.h7 Rg2 61.Rf7  1-0

[Event "5th Parsvnath Open"]
[Site "New Delhi IND"]
[Date "2007.01.17"]
[Round "5"]
[White "Gupta,Ab"]
[Black "Kunte,A"]
[Result "1/2-1/2"]
[WhiteElo "2464"]
[BlackElo "2532"]

1.d4 Nf6 2.c4 e6 3.Nf3 Bb4+ 4.Nbd2 d5 5.a3 Be7 6.Qc2 Nbd7 7.b4 a5 8.Rb1 axb4
9.axb4 O-O 10.e3 c6 11.Bd3 b5 12.c5 Qc7 13.Bb2 h6 14.h3 Ra4 15.Bc3 Bb7 16.g4 Rfa8
17.Rg1 Ra2 18.Bb2 R2a4 19.Qc3 Nf8 20.h4 N6h7 21.Ke2 Qd8 22.Rg2 f6 23.g5 fxg5
24.hxg5 Nxg5 25.Rbg1 R8a7 26.Ne5 Bf6 27.Ng4 Bc8 28.f4 Nf7 29.e4 h5 30.Nxf6+ Qxf6
31.e5 Qh6 32.Rxg7+ Qxg7 33.Rxg7+ Kxg7 34.Bc2 Ra2 35.Nf3 Nh8 36.Kd1 Nhg6 37.Bb1 R2a4
38.Ng5 Nxf4 39.Qg3 N4g6 40.Qf3 Nh8 41.Qf6+ Kg8 42.Bc3 Rg7 43.Qd8 Nf7 44.Nxf7 Rxf7
45.Qxc8 Ra3 46.Bd2 Rf1+ 47.Kc2 Rf2 48.Qe8 Rh3 49.Qe7 Rg3 50.Qh4 Rgg2 51.Kc3 Rxd2
52.Qxh5 Rdf2 53.Qh3 Rg7 54.Bd3 Rfg2 55.Qh5 Ng6 56.Be2 Rf7 57.Bg4 Nf4 58.Qg5+ Rg7
59.Qd8+ Kh7 60.Qh4+ Kg8 61.Qd8+  1/2-1/2

[Event "Open A"]
[Site "Prague CZE"]
[Date "2007.01.17"]
[Round "8"]
[White "Kettenburg,S"]
[Black "Splichal,S"]
[Result "1-0"]
[WhiteElo "2056"]
[BlackElo "2253"]

1.d4 e6 2.c4 Nf6 3.Nf3 Bb4+ 4.Nbd2 b6 5.e3 Bb7 6.Bd3 O-O 7.O-O Bxd2 8.Nxd2 d6
9.b3 e5 10.Bb2 Nbd7 11.b4 a5 12.a3 Re8 13.Bc3 e4 14.Be2 a4 15.Re1 Nf8 16.Nf1 Ng6
17.Ng3 d5 18.c5 Bc6 19.b5 Bd7 20.Rb1 Nh4 21.c6 Bc8 22.Rb4 Qd6 23.Rxa4 Rxa4
24.Qxa4 Ng4 25.Qa7 Qh6 26.Bxg4 Bxg4 27.Qxc7 Nxg2 28.Nf1 Nxe1 29.Bxe1 Qe6
30.Bb4 Be2 31.a4 Qh3 32.Nd2 h5 33.Qg3 Qc8 34.h3 Re6 35.Kh2 Rg6 36.Qf4 Rf6
37.Qg3 h4 38.Qxh4 Rh6 39.Qg3 Bg4 40.h4 g5 41.Be7 Rxh4+ 42.Kg1 Rh5 43.Qd6 Kh7
44.Qxd5 Be6 45.Qxe4+ f5 46.Qe5 g4 47.d5 Bf7 48.d6 Qg8 49.d7 Bd5 50.e4 Bxe4
51.Nxe4  1-0

[Event "75th Ambelokipi Open"]
[Site "Athens GRE"]
[Date "2007.01.20"]
[Round "3"]
[White "Khetsuriani,B"]
[Black "Koerant,F"]
[Result "1/2-1/2"]
[WhiteElo "2361"]
[BlackElo "2105"]

1.c4 Nf6 2.Nf3 e6 3.d4 Bb4+ 4.Nbd2 b6 5.a3 Bxd2+ 6.Bxd2 Ne4 7.Be3 O-O 8.g3 Bb7
9.Bg2 d5 10.cxd5 Bxd5 11.O-O Nd7 12.Rc1 c5 13.dxc5 Ndxc5 14.Nd4 Qd7 15.Qc2 Rac8
16.Qb1 Qb7 17.f3 Nd6 18.Bf2 f5 19.Nc2 a5 20.Bxc5 Rxc5 21.Ne3 Rfc8 22.Rxc5 Rxc5
23.Nxd5 Qxd5 24.Rd1 Qe5 25.Qd3 Rd5 26.Qb3 Rb5 27.Qd3  1/2-1/2

[Event "IM"]
[Site "Marianske Lazne CZE"]
[Date "2007.01.24"]
[Round "6"]
[White "Vokoun,J"]
[Black "Weinzettl,E"]
[Result "1/2-1/2"]
[WhiteElo "2223"]
[BlackElo "2364"]

1.d4 e6 2.c4 Nf6 3.Nf3 Bb4+ 4.Nbd2 b6 5.e3 Bb7 6.Bd3 O-O 7.Qc2 d5 8.O-O Nbd7
9.e4 Bxd2 10.Nxd2 dxe4 11.Nxe4 Nxe4 12.Bxe4 Bxe4 13.Qxe4 c5 14.Be3 Qc8 15.b3 Re8
16.Rad1 Nf6 17.Qf3 cxd4 18.Bxd4 e5 19.Bb2 e4 20.Qf4 Qg4 21.Qe3  1/2-1/2

[Event "12th HIT Open A"]
[Site "Nova Gorica SLO"]
[Date "2007.01.27"]
[Round "3"]
[White "Kozul,Z"]
[Black "Miezis,N"]
[Result "0-1"]
[WhiteElo "2616"]
[BlackElo "2517"]

1.d4 Nf6 2.Nf3 e6 3.c4 Bb4+ 4.Nbd2 c5 5.a3 Bxd2+ 6.Qxd2 cxd4 7.b4 a5 8.b5 d6
9.Qxd4 e5 10.Qe3 Nbd7 11.a4 Nb6 12.Nd2 Be6 13.Qd3 Qc7 14.Ba3 Rd8 15.Qc2 Rc8
16.Rc1 O-O 17.e3 Rfd8 18.Bd3 Qb8 19.O-O d5 20.c5 e4 21.Be2 Nc4 22.Bxc4 Ng4
23.g3 dxc4 24.Nxc4 Bxc4 25.Qxc4 Qe5 26.c6 bxc6 27.bxc6 Qh5 28.h4 Qg6 29.c7  0-1

[Event "FSIMA February"]
[Site "Budapest HUN"]
[Date "2007.02.04"]
[Round "2"]
[White "Cherednichenko,S"]
[Black "Mihok,O"]
[Result "1-0"]
[WhiteElo "2255"]
[BlackElo "2305"]

1.d4 Nf6 2.c4 e6 3.Nf3 Bb4+ 4.Nbd2 b6 5.a3 Bxd2+ 6.Qxd2 Bb7 7.e3 O-O 8.Be2 Ne4
9.Qc2 f5 10.O-O Rf6 11.Rd1 d6 12.b4 Nd7 13.Bb2 Rh6 14.d5 Ndf6 15.Nd4 Nxd5
16.cxd5 Qh4 17.Bf3 Qxh2+ 18.Kf1 Ng5 19.Qxc7 Ba6+ 20.b5 Nxf3 21.gxf3 Rg6 22.Ke2 Rg2
23.Rf1 e5 24.bxa6 exd4 25.Bxd4 Re8 26.Qd7  1-0

[Event "FSGM February"]
[Site "Budapest HUN"]
[Date "2007.02.06"]
[Round "4"]
[White "Prohaszka,P2"]
[Black "Ilincic,Z"]
[Result "0-1"]
[WhiteElo "2430"]
[BlackElo "2451"]

1.d4 Nf6 2.c4 e6 3.Nf3 Bb4+ 4.Nbd2 a5 5.a3 Bxd2+ 6.Bxd2 a4 7.e3 b6 8.Bd3 Bb7
9.Bc2 Ba6 10.Rc1 Bxc4 11.Bxh7 Bb5 12.Bb1 Nc6 13.Bc3 Qc8 14.e4 Qa6 15.Ne5 Na5
16.Bxa5 Qxa5+ 17.Qd2 Qxd2+ 18.Kxd2 d6 19.Nf3 c5 20.h3 Ke7 21.Rhd1 Rhc8 22.Ke3 Rc7
23.Rc2 Rac8 24.Rcd2 d5 25.Ne5 dxe4 26.Bxe4 Nxe4 27.Kxe4 f6 28.Nf3 c4 29.Rb1 Be8
30.Kf4 g5+ 31.Kg3 Bg6 32.Re1 Kd6 33.Rde2 Re8 34.Re3 Kd5 35.Kh2 b5 36.Ra1 Rb8
37.Ng1 Bd3 38.Kg3 Rc6 39.Ne2 Bxe2 40.Rxe2 Kxd4 41.f4 Rg8 42.fxg5 Rxg5+ 43.Kh2 Kc5
44.g4 Rd5 45.Rf1 e5 46.h4 Rd4 47.Rg2 Kd5 48.Rf3 Rd3 49.Rfg3 e4 50.g5 Rxg3
51.Rxg3 fxg5 52.hxg5 Rg6 53.Kh3 e3 54.Rxe3 Rxg5 55.Re8 Kd4 56.Rd8+ Rd5 57.Rg8 Kd3
58.Rg2 Re5 59.Kg4 Re2 60.Rg3+ Kd4  0-1

[Event "FSIMB February"]
[Site "Budapest HUN"]
[Date "2007.02.10"]
[Round "8"]
[White "Werner,Di"]
[Black "Toth,E"]
[Result "1-0"]
[WhiteElo "2353"]
[BlackElo "2283"]

1.d4 Nf6 2.c4 e6 3.Nf3 Bb4+ 4.Nbd2 O-O 5.a3 Bxd2+ 6.Qxd2 a5 7.b3 b6 8.e3 Bb7
9.Be2 d6 10.Bb2 Nbd7 11.O-O Ne4 12.Qc2 f5 13.b4 g5 14.d5 e5 15.Nd2 Nxd2 16.Qxd2 Qe7
17.Bc3 Nf6 18.Bd3 Bc8 19.bxa5 bxa5 20.f4 gxf4 21.exf4 e4 22.Bc2 Ba6 23.Qd4 Kf7
24.Rae1 Rg8 25.Re3 h5 26.Rh3 Rg6 27.Bd1 Rag8 28.Rf2 Rh6 29.Bxa5 h4 30.Rc3 Re8
31.Rb2 e3 32.Bf3 h3 33.Re2 hxg2 34.Rcxe3 Ne4 35.Bxe4 fxe4 36.Bc3 Rg8 37.Rg3 Rxg3
38.hxg3  1-0

[Event "OCF Winter NAO FIDE Op"]
[Site "Stillwater USA"]
[Date "2007.02.19"]
[Round "7"]
[White "Zivanic,M"]
[Black "Vicary,E"]
[Result "1-0"]
[WhiteElo "2451"]
[BlackElo "2133"]

1.d4 Nf6 2.c4 e6 3.Nf3 Bb4+ 4.Nbd2 O-O 5.a3 Bxd2+ 6.Qxd2 b6 7.g3 Bb7 8.Bg2 d6
9.O-O Be4 10.b3 Nbd7 11.Bb2 Qc8 12.Qc3 Qb7 13.Bh3 h6 14.d5 e5 15.Nh4 Bh7
16.f4 Rae8 17.fxe5 Ne4 18.Qc1 Nxe5 19.Nf3 Nxf3+ 20.exf3 Nc5 21.Qc3 f6 22.Rae1 Re5
23.Ba1 Rfe8 24.b4 Nd3 25.Rxe5 Rxe5 26.Be6+ Kh8 27.Qd2 Qa6 28.Qc3 b5 29.f4 Rxe6
30.dxe6 bxc4 31.Qd4 Qxa3 32.e7  1-0

[Event "23rd Open"]
[Site "Cappelle la Grande FRA"]
[Date "2007.03.04"]
[Round "2"]
[White "Gozzoli,Y"]
[Black "Postny,E"]
[Result "1/2-1/2"]
[WhiteElo "2453"]
[BlackElo "2616"]

1.d4 Nf6 2.c4 e6 3.Nf3 Bb4+ 4.Nbd2 b6 5.a3 Bxd2+ 6.Qxd2 Bb7 7.e3 O-O 8.Be2 d6
9.O-O Nbd7 10.b4 Ne4 11.Qd3 f5 12.Bb2 Qf6 13.Nd2 Qg6 14.f3 Nef6 15.Qc3 Rae8
16.Rae1 e5 17.Bd1 exd4 18.Qxd4 Qg5 19.Qf4 Qxf4 20.exf4 Kf7 21.g4 Bc8 22.h3 Rxe1
23.Rxe1 Re8 24.Rxe8 Nxe8 25.Bc2 Ndf6 26.Nf1 Ng8 27.Ne3 Ne7 28.Kf2 g6 29.Bd3 c5
30.b5 Nc7 31.Kg3 Bd7 32.a4 a6 33.Bc2 axb5 34.axb5 Ne8 35.Bd3 Nc7 36.Bc2 Be6
37.Ba1 Bc8 38.Bb2 Ne8 39.Bd3 Ng7 40.Bxg7 Kxg7 41.Nd5 Nxd5 42.cxd5 h6 43.g5 hxg5
44.fxg5 f4+ 45.Kxf4 Bxh3 46.Kg3 Bd7 47.Kf2  1/2-1/2

[Event "23rd Open"]
[Site "Cappelle la Grande FRA"]
[Date "2007.03.07"]
[Round "6"]
[White "Marzolo,C"]
[Black "Yemelin,V"]
[Result "1/2-1/2"]
[WhiteElo "2472"]
[BlackElo "2539"]

1.d4 Nf6 2.c4 e6 3.Nf3 Bb4+ 4.Nbd2 O-O 5.a3 Be7 6.e4 d5 7.Bd3 dxe4 8.Nxe4 Nxe4
9.Bxe4 c5 10.dxc5 Qxd1+ 11.Kxd1 Bxc5 12.Ke2 a5 13.b3 Nd7 14.Bb2 Nf6 15.Bc2 b6
16.Ne5 Ba6 17.Bd3 Bb7 18.f3 h5 19.h4 Rfd8 20.Rhd1 Kf8  1/2-1/2

[Event "ch-POL w"]
[Site "Barlinek POL"]
[Date "2007.03.09"]
[Round "2"]
[White "Rajlich,I"]
[Black "Socko,M"]
[Result "1/2-1/2"]
[WhiteElo "2428"]
[BlackElo "2481"]

1.d4 Nf6 2.Nf3 e6 3.c4 Bb4+ 4.Nbd2 b6 5.e3 O-O 6.Be2 c5 7.O-O cxd4 8.Nxd4 Bb7
9.a3 Be7 10.b4 Nc6 11.Nxc6 Bxc6 12.Bb2 Rc8 13.Rc1 Rc7 14.Qe1 Ne8 15.Nb3 Bf6
16.Bd4 e5 17.Bc3 d5 18.b5 Bb7 19.Bb4 dxc4  1/2-1/2

[Event "TCh-NOR 2006-7"]
[Site "Oslo NOR"]
[Date "2007.03.09"]
[Round "7"]
[White "Tallaksen,G"]
[Black "Hansen,TR"]
[Result "1/2-1/2"]
[WhiteElo "2414"]
[BlackElo "2340"]

1.d4 Nf6 2.c4 e6 3.Nf3 Bb4+ 4.Nbd2 O-O 5.a3 Bxd2+ 6.Bxd2 Ne4 7.g3 Nxd2 8.Qxd2 d6
9.Bg2 Qe7 10.O-O e5 11.Rac1 Re8 12.dxe5 dxe5 13.Qe3 a5 14.Nd2 Nc6 15.Bxc6 bxc6
16.c5 a4 17.Rfd1 Rb8 18.Nc4 f6 19.Qe4 Bd7 20.Rc2 Red8 21.Ne3 Be8 22.Rxd8 Qxd8
23.Qxa4 Bg6 24.Rc1 Rxb2 25.Qxc6 Rxe2 26.Qd5+ Qxd5 27.Nxd5 c6 28.Ne7+ Kf7
29.Nxc6 Ra2 30.Na5 Rxa3 31.Nc4 Ra7 32.c6 Ke6 33.Nb6 Rc7 34.Na8 Rc8 35.Nb6  1/2-1/2

[Event "ch-POL w"]
[Site "Barlinek POL"]
[Date "2007.03.11"]
[Round "4"]
[White "Kadziolka,B"]
[Black "Socko,M"]
[Result "0-1"]
[WhiteElo "2309"]
[BlackElo "2481"]

1.d4 Nf6 2.Nf3 e6 3.c4 Bb4+ 4.Nbd2 b6 5.a3 Bxd2+ 6.Bxd2 Bb7 7.Bg5 h6 8.Bh4 d6
9.e3 Nbd7 10.Bd3 g5 11.Bg3 h5 12.h4 g4 13.Ng5 Bxg2 14.Rg1 Bb7 15.Qc2 Qe7
16.O-O-O O-O-O 17.b4 Kb8 18.Kb2 e5 19.Bf5 Rhe8 20.d5 e4 21.Rd4 Ne5 22.a4 Ka8
23.Ra1 c5 24.dxc6 Nxc6 25.Rd2 d5 26.b5 Na5 27.c5 bxc5  0-1

[Event "I Open"]
[Site "La Laguna ESP"]
[Date "2007.03.11"]
[Round "8"]
[White "Vera,R"]
[Black "Slaby,J"]
[Result "1-0"]
[WhiteElo "2494"]
[BlackElo "2453"]

1.Nf3 Nf6 2.c4 e6 3.d4 Bb4+ 4.Nbd2 O-O 5.a3 Be7 6.e4 d5 7.e5 Nfd7 8.Bd3 c5
9.h4 h6 10.b4 cxd4 11.cxd5 exd5 12.Nb3 Nc6 13.Bf4 Re8 14.O-O Bxh4 15.Re1 a6
16.Qd2 Nf8 17.Rac1 Bg4 18.Nxh4 Qxh4 19.Nc5 Nd7 20.Bg3 Qh5 21.Nxb7 Ndxe5 22.Bf1 Nc4
23.Bxc4 dxc4 24.Rxc4 Ne5 25.Rc5 f6 26.f4 Bf3 27.Nd6 Qg6 28.fxe5 Qxg3 29.Nxe8 Bxg2
30.Nxf6+ Kh8 31.Qf2  1-0

[Event "ch-POL w"]
[Site "Barlinek POL"]
[Date "2007.03.15"]
[Round "8"]
[White "Przezdziecka,E"]
[Black "Szymanska,M"]
[Result "0-1"]
[WhiteElo "2133"]
[BlackElo "2218"]

1.d4 e6 2.Nf3 Nf6 3.c4 Bb4+ 4.Nbd2 b6 5.a3 Bxd2+ 6.Qxd2 Bb7 7.e3 d6 8.Be2 Nbd7
9.O-O a5 10.b3 O-O 11.Bb2 Ne4 12.Qc2 Ng5 13.Nd2 f5 14.f3 Qe8 15.Bd3 Qh5 16.d5 Nc5
17.f4 Nge4 18.Nxe4 fxe4 19.Bxe4 Nxe4 20.Qxe4 exd5 21.Qd4 Rf7 22.f5 dxc4 23.bxc4 Re8
24.Rf2 Re4 25.Qc3 Qg5 26.Re1 Rg4 27.g3 Rxf5 28.Rxf5 Qxf5 29.e4 Bxe4 30.Rf1 Qc5+
31.Rf2 Bb7 32.Qe1 Re4 33.Qc3 Re5 34.Kf1 Qc6 35.Kg1 Qh1+  0-1

[Event "Open"]
[Site "Zagreb CRO"]
[Date "2007.03.22"]
[Round "6"]
[White "Saric,Ib"]
[Black "Raguz,Dari"]
[Result "1-0"]
[WhiteElo "2507"]
[BlackElo "2180"]

1.d4 Nf6 2.c4 e6 3.Nf3 Bb4+ 4.Nbd2 b6 5.e3 Bb7 6.Bd3 O-O 7.O-O Bxd2 8.Nxd2 d6
9.b3 Nbd7 10.Bb2 e5 11.f4 exd4 12.exd4 d5 13.Qc2 c5 14.Rae1 cxd4 15.Bxd4 Rc8
16.Bf5 Rc6 17.Re3 dxc4 18.bxc4 Nc5 19.Bxf6 Qxf6 20.Bxh7+ Kh8 21.Rh3 Qd4+
22.Kh1 Rh6 23.Rxh6 gxh6 24.Nb3 Nxb3 25.axb3 Rd8 26.Bf5 Qd2 27.Kg1 Bxg2 28.Qxd2 Rxd2
29.Rf2 Rxf2 30.Kxf2 Bc6 31.Ke3 Kg7 32.Be4 Bd7 33.Kd4 Kf6 34.b4 Ke6 35.c5 bxc5+
36.bxc5 f6 37.c6 Bc8 38.Kc5 Ke7 39.Bd3 Ke6 40.Bf1 Ke7 41.Bc4 Bf5 42.Ba6 Kf7
43.c7 Kg6 44.Bd3 Bxd3  1-0